000 00211 a2200097 4500
001 30269
100 _aDickens, Ch
245 _aLife & Adventures
260 _aLodnon
_bMacmillan & Co
_c
090 _c20212
_d20212
942 _aNUST-CAE
_cM
_c11351
999 _c265342
_d265342